Administrators of NASA by Picture - Statistics

General Stats
  • This quiz has been taken 5 times
  • The average score is 7 of 26
Answer Stats
Picture Hint Answer % Correct
2021-2025 Bill Nelson
80%
2025-Present Jared Isaacman
60%
*2025* Sean Duffy
60%
1961-1968 James E. Webb
40%
1968-1970 Thomas O. Paine
40%
*1977* | *1981* Alan M. Lovelace
20%
2009-2017 Charles Bolden
20%
*2009* Christopher J. Scolese
20%
*1989* Dale D. Myers
20%
1992-2001 Daniel Goldin
20%
*2001* Daniel Mulville
20%
*2005* Frederick D. Gregory
20%
*1970-1971* George Low
20%
*1961* Hugh Latimer Dryden
20%
1971-1977 | 1986-1989 James C. Fletcher
20%
1981-1985 James M. Beggs
20%
*2025* Janet Petro
20%
2018-2021 Jim Bridenstine
20%
2005-2009 Michael D. Griffin
20%
1989-1992 Richard H. Truly
20%
1977-1981 Robert A. Frosch
20%
*2017-2018* Robert M. Lightfoot Jr.
20%
2001-2005 Sean O'Keefe
20%
*2021* Steve Jurczyk
20%
1958-1961 T. Keith Glennan
20%
*1985-1986* William Robert Graham
20%
No matching quizzes found
Score Distribution
Percent of People with Each Score
Percentile by Number Answered
Your Score History
You have not taken this quiz